| 000 | 00490nam a2200181Ia 4500 | ||
|---|---|---|---|
| 999 |
_c1625 _d1625 |
||
| 003 | OSt | ||
| 005 | 20200924114654.0 | ||
| 008 | 190216s9999||||xx |||||||||||||| ||und|| | ||
| 020 | _a8129200384 | ||
| 040 | _coclc | ||
| 082 |
_a570.3 _bKAP/R |
||
| 100 |
_aKapoor, Rani _93811 |
||
| 245 | 0 |
_aDictionary Of Biology / _cRani Kapoor |
|
| 260 |
_bIndigo Books, _a New Delhi: _c2003. |
||
| 300 | _a420p | ||
| 650 | _aBotany | ||
| 942 |
_cBK _2ddc _h570.3 _iKAP/D _k570.3 _mKAP/D |
||